ordinances : No.1 of 1882. An ordinance To Declare The Consent of The Legisislature To The Erection of A Lighthouse on Minicoy Island, And To The Levy of Dues In Respect Thereof, And To Fix The Dues Payable In Respect of The Minicoy And Great And Little B (Record no. 50433)
[ view plain ]
| 000 -LEADER | |
|---|---|
| fixed length control field | 00544nam a2200133Ia 4500 |
| 008 - FIXED-LENGTH DATA ELEMENTS--GENERAL INFORMATION | |
| fixed length control field | 180921t xxu||||| ||||o00| 0 eng d |
| 041 ## - LANGUAGE CODE | |
| Language code of text/sound track or separate title | English |
| 080 ## - UNIVERSAL DECIMAL CLASSIFICATION NUMBER | |
| Universal Decimal Classification number | Vol.1 1707 - 1888 |
| 942 ## - ADDED ENTRY ELEMENTS (KOHA) | |
| Koha item type | Books |
| 003 - CONTROL NUMBER IDENTIFIER | |
| control field | LK-CoDNM |
| 040 ## - CATALOGING SOURCE | |
| Original cataloging agency | LK-CoDNM |
| Modifying agency | LK-CoDNM |
| Description conventions | LK-CoDNM |
| 245 ## - TITLE STATEMENT | |
| Title | ordinances : No.1 of 1882. An ordinance To Declare The Consent of The Legisislature To The Erection of A Lighthouse on Minicoy Island, And To The Levy of Dues In Respect Thereof, And To Fix The Dues Payable In Respect of The Minicoy And Great And Little B |
| 300 ## - PHYSICAL DESCRIPTION | |
| Extent | p.870, 23 cm |
| Withdrawn status | Lost status | Damaged status | Not for loan | Collection code | Permanent Location | Current Location | Date acquired | Full call number | Koha item type |
|---|---|---|---|---|---|---|---|---|---|
| Government Publications | Library National Museum Colombo - Sri Lanka | Library National Museum Colombo - Sri Lanka | 2013-03-21 | Vol.1 1707 - 1888 | Books |


